1318 1403 1058 1972 1931 1728 1974 1880 1594 1631 1856 1652 1667 1005 1211 1929 1862 1255 1906 1498 1771 1455 1651 1050 1127 1839 1307 1008 1412 1896 1010 1153 1155 1792 1635 1899 1516 1149 1689 1412 1881 1799 1741 1161 1822 1777 1881 1705 1339 1098 1786 1379 1351 1468 1729 1857 1130 1798 1463 1024 1016 1118 1732 1935 1319 1044 1030 1407 1953 1421 1755 1291 1933 1756 1049 1682 1582 1964 1622 1383 1932 1046 1851 1342 1327 1485 1041 1968 1866 1370 1504 1982 1852 1398 1844 1415 1209 1737 1914 BCNSPRNW ULIB Ver.6.0+V

เปลี่ยนเป็นภาษาไทย

Change to English
 แสดงรายละเอียดบรรณานุกรม
  กลับหน้าหลัก

Brief Record : Get Marc (ISO 2709) : E-mail record : QR code < ปิดหน้าต่าง
LEADER : 00000nam 2200000uu 4500
001    13399125725
003     ULIB
008    020711s2560 th a 000 0 tha d
020    9789740336129
060    QV766^bศ713ส
100    ศุภยางค์ วรวุฒิคุณชัย
245    สมุนไพรไทยต้านจุลินทรีย์/^cศุภยางค์ วรวุฒิคุณชัย และคณะ
250    พิมพ์ครั้งที่ 1
260    กรุงเทพฯ :^bสำนักพิมพ์แห่งจุฬาลงกรณ์มหาวิทยาลัย,^c2560
300    562 หน้า;^b26 ซม.
650    สมุนไพรไทย
700    สุกัลญา หลีแจ้
945    ^p600^l0^i25317
945    ^p600^l0^i25318
รายการนี้ยังไม่มีแท็ก
คุณยังไม่ได้ล็อกอิน คุณสามารถมีกิจกรรมร่วมกับเว็บไซต์ได้ แต่ต้องล็อกอินก่อน ::
  ล็อกอิน

รายการสื่อสารสนเทศ

ลำดับที่ ประเภท เลขเรียก/บาร์โค้ด สถานที่ สถานะ
1. วิทยาศาสตร์การแพทย์ และสุขภาพ
วิทยาศาสตร์การแพทย์ และสุขภาพ
สถานะ=หนังสือเก่า
QV766 ศ713ส ฉ.1 
  Barcode: 25317
ห้องสมุดวิทยาเขตนครสวรรค์
►ส่วนจัดเก็บหนังสือเก่า นว.
บนชั้น
  ขอยืม
2. วิทยาศาสตร์การแพทย์ และสุขภาพ
วิทยาศาสตร์การแพทย์ และสุขภาพ
สถานะ=หนังสือเก่า
QV766 ศ713ส ฉ.2 
  Barcode: 25318
ห้องสมุดวิทยาเขตนครสวรรค์
►ส่วนจัดเก็บหนังสือเก่า นว.
บนชั้น
  ขอยืม

รายการใกล้เคียง
    ผู้แต่ง [ศุภยางค์ วรวุฒิคุณชัย]

    หัวเรื่อง [สมุนไพรไทย]

BibComment


ยังไม่เคยถูกคอมเมนท์

คอมเมนท์ทรัพยากรรายการนี้
  คอมเมนท์: สมุนไพรไทยต้านจุล..


 Copyright 2026. Bcnsprnw @Library